Introducción a los negocios (Registro nro. 9625)
[ vista simple ]
| 000 -CABECERA | |
|---|---|
| campo de control de longitud fija | 01107ntm a22003977a 4500 |
| 005 - FECHA Y HORA DE ACTUALIZACIÓN | |
| campo de control | 20170713141602.0 |
| 008 - LONGITUD FIJA | |
| campo de control de longitud fija | 170713b xxu||||| |||| 00| 0 spa d |
| 020 ## - INTERNATIONAL STANDARD BOOK NUMBER | |
| Número Internacional Estándar del Libro | 9786075228693 |
| 041 ## - IDIOMA | |
| Código de idioma del texto/pista de sonido o título separado | |
| 082 ## - CLASIFICACIÓN DECIMAL DEWEY | |
| Número de clasificación | 658 P947i4 |
| 100 ## - AUTOR PERSONAL | |
| Nombre de persona | Pride, William |
| 100 ## - AUTOR PERSONAL | |
| Nombre de persona | Hughes, Robert |
| 100 ## - AUTOR PERSONAL | |
| Nombre de persona | Kapoor, Jack |
| 245 ## - TÍTULO PROPIAMENTE DICHO | |
| Título | Introducción a los negocios |
| 250 ## - EDICIÓN | |
| Mención de edición | 4 edición |
| 260 ## - PIE DE IMPRENTA | |
| Lugar de publicación, distribución, etc. | México |
| 260 ## - PIE DE IMPRENTA | |
| Nombre del editor, distribuidor, etc. | Cengage Learning |
| 260 ## - PIE DE IMPRENTA | |
| Fecha de publicación, distribución, etc. | 2017 |
| 650 ## - Materia General | |
| Materia general | NEGOCIOS |
| 650 ## - Materia General | |
| Materia general | ADMINISTRACIÓN DE EMPRESAS |
| 650 ## - Materia General | |
| Materia general | ECONOMÍA |
| 650 ## - Materia General | |
| Materia general | ÉXITO PROFESIONAL |
| 650 ## - Materia General | |
| Materia general | ÉXITO EMPRESARIAL |
| 650 ## - Materia General | |
| Materia general | ÉTICA |
| 650 ## - Materia General | |
| Materia general | NEGOCIOS GLOBALES |
| 650 ## - Materia General | |
| Materia general | EMPRENDEDURISMO |
| 650 ## - Materia General | |
| Materia general | PEQUEÑAS EMPRESAS |
| 650 ## - Materia General | |
| Materia general | FRANQUICIAS |
| 650 ## - Materia General | |
| Materia general | ORGANIZACIONES |
| 650 ## - Materia General | |
| Materia general | RECURSOS HUMANOS |
| 650 ## - Materia General | |
| Materia general | MARKETING |
| 650 ## - Materia General | |
| Materia general | FIJACIÓN DE PRECIOS |
| 650 ## - Materia General | |
| Materia general | REDES SOCIALES |
| 650 ## - Materia General | |
| Materia general | ADMINISTRACIÓN FINANCIERA |
| 942 ## - Punto de Acceso Adicional Koha | |
| Tipo de ítem Koha | Libro |
| Estado perdido | Estado dañado | No para préstamo | Biblioteca permanente | Biblioteca actual | Signatura completa | Código de barras | Precio efectivo a partir del | Tipo de ítem |
|---|---|---|---|---|---|---|---|---|
| Departamento de Biblioteca y Documentación Alfonso Chase Brenes | Departamento de Biblioteca y Documentación Alfonso Chase Brenes | 658 P947i4 | 22342 | 13/07/2017 | Libro | |||
| Departamento de Biblioteca y Documentación Alfonso Chase Brenes | Departamento de Biblioteca y Documentación Alfonso Chase Brenes | 658 P947i4 | 22343 | 13/07/2017 | Libro | |||
| Departamento de Biblioteca y Documentación Alfonso Chase Brenes | Departamento de Biblioteca y Documentación Alfonso Chase Brenes | 658 P947i4 | 23610 | 03/10/2018 | Libro | |||
| Departamento de Biblioteca y Documentación Alfonso Chase Brenes | Departamento de Biblioteca y Documentación Alfonso Chase Brenes | 658 P947i4 | 23611 | 03/10/2018 | Libro |